[Event "Titled Tuesday intern op 16th Apr Late"]
[Site "Chess.com INT"]
[Date "2024.04.16"]
[Round "2"]
[White "Nasuta, Grzegorz"]
[Black "Rodriguez, Santiago"]
[Result "1-0"]
[WhiteElo "2552"]
[BlackElo "2252"]
[PlyCount "95"]
[EventDate "2024.04.16"]
[EventType "swiss (blitz)"]
[EventRounds "11"]
[EventCountry "USA"]
[SourceTitle "CB17_2024"]
[SourceDate "2024.04.24"]
[SourceVersion "1"]
[SourceVersionDate "2024.04.24"]
[SourceQuality "1"]

1. e4 c5 2. Nf3 Nc6 3. Bb5 g6 4. Bxc6 bxc6 5. d4 cxd4 6. Qxd4 f6 7. 0-0 Qb6 8. Qd3 Nh6 9. c4 Nf7 10. b3 Bg7 11. Nc3 d6 12. Be3 Qa5 13. Rfd1 0-0 14. h3 Qh5 15. Nd4 Ne5 16. Qc2 c5 17. Nde2 Bxh3 18. Nf4 Nf3+ 19. gxf3 Qxf3 20. Qe2 Bg4 21. Qxf3 Bxf3 22. Rd3 f5 23. Rc1 fxe4 24. Rd2 Rf5 25. Ng2 Rh5 26. Ne2 Rf8 27. Ng3 Re5 28. Ne1 Bg4 29. Rd5 Rxd5 30. cxd5 Bf5 31. Rc4 e6 32. dxe6 d5 33. e7 Re8 34. Rxc5 d4 35. Bg5 h6 36. Nxf5 gxf5 37. Bh4 d3 38. Rd5 Kf7 39. Ng2 Ke6 40. Ra5 Be5 41. Ne3 f4 42. Nc4 Bd4 43. Ra6+ Kf5 44. Nd6+ Kg4 45. Nxe8 e3 46. Nf6+ Kxh4 47. e8Q e2 48. Qh5# 1-0

[Event "Titled Tuesday intern op 16th Apr Late"]
[Site "Chess.com INT"]
[Date "2024.04.16"]
[Round "4"]
[White "Rodriguez, Santiago"]
[Black "Papayan, Oleg"]
[Result "1/2-1/2"]
[WhiteElo "2252"]
[BlackElo "2183"]
[PlyCount "127"]
[EventDate "2024.04.16"]
[EventType "swiss (blitz)"]
[EventRounds "11"]
[EventCountry "USA"]
[SourceTitle "CB17_2024"]
[SourceDate "2024.04.24"]
[SourceVersion "1"]
[SourceVersionDate "2024.04.24"]
[SourceQuality "1"]

1. d4 Nf6 2. Bg5 d5 3. Bxf6 gxf6 4. e3 c5 5. c4 cxd4 6. exd4 Nc6 7. Nc3 dxc4 8. d5 Ne5 9. Bxc4 Nxc4 10. Qa4+ Bd7 11. Qxc4 Qb6 12. Nge2 Rc8 13. Qd3 Qxb2 14. Rb1 Qa3 15. Rxb7 Bh6 16. 0-0 Rd8 17. Rfb1 0-0 18. R1b3 Qd6 19. Ne4 Qe5 20. d6 Bc6 21. Rxe7 Bxe4 22. Qxe4 Qxe4 23. Rxe4 Rxd6 24. g3 Rd2 25. Nd4 Rc8 26. Nf5 Bf8 27. Rg4+ Kh8 28. Rb7 Rc1+ 29. Kg2 Rcc2 30. Rf4 h6 31. Rxf7 Bc5 32. Nxh6 Rxf2+ 33. Rxf2 Rxf2+ 34. Kh3 Rxa2 35. Ng4 Bd4 36. Nxf6 Bxf6 37. Rxf6 a5 38. Ra6 a4 39. g4 a3 40. Kg3 Ra1 41. h3 a2 42. Kh4 Kg7 43. Kg5 Rh1 44. Ra7+ Kf8 45. Rxa2 Rxh3 46. Kg6 Rb3 47. g5 Rb6+ 48. Kh5 Kg7 49. Rd2 Rc6 50. Rd7+ Kg8 51. Re7 Rb6 52. Re5 Rc6 53. Rf5 Rd6 54. Rc5 Re6 55. g6 Re1 56. Kh6 Rh1+ 57. Kg5 Rg1+ 58. Kf6 Rf1+ 59. Rf5 Rxf5+ 60. Kxf5 Kg7 61. Kg5 Kg8 62. Kh6 Kh8 63. g7+ Kg8 64. Kg6 1/2-1/2

[Event "Titled Tuesday intern op 16th Apr Late"]
[Site "Chess.com INT"]
[Date "2024.04.16"]
[Round "9"]
[White "Rodriguez, Santiago"]
[Black "Stojanovski, Sandi"]
[Result "1-0"]
[WhiteElo "2252"]
[BlackElo "2169"]
[PlyCount "101"]
[EventDate "2024.04.16"]
[EventType "swiss (blitz)"]
[EventRounds "11"]
[EventCountry "USA"]
[SourceTitle "CB17_2024"]
[SourceDate "2024.04.24"]
[SourceVersion "1"]
[SourceVersionDate "2024.04.24"]
[SourceQuality "1"]

1. d4 Nf6 2. Bg5 e6 3. e4 h6 4. Bxf6 Qxf6 5. c3 d5 6. Bd3 Qd8 7. Nd2 Be7 8. Ngf3 0-0 9. 0-0 c5 10. Qe2 cxd4 11. cxd4 Nc6 12. a3 Bf6 13. e5 Be7 14. Bc2 Bd7 15. Qd3 g6 16. Rac1 Rc8 17. Bb1 a6 18. g3 Na5 19. h4 Bb5 20. Qe3 Kg7 21. Rfe1 Nc4 22. Nxc4 dxc4 23. h5 Bc6 24. Nd2 b5 25. Ne4 Qd5 26. f3 Rh8 27. hxg6 fxg6 28. Kg2 Rcf8 29. Rf1 Rf5 30. Nc3 Qd7 31. Bxf5 gxf5 32. d5 Bxd5 33. Nxd5 Qxd5 34. Rcd1 Qc6 35. Qa7 Kf7 36. Rd6 Qc8 37. Rd7 Qe8 38. Rfd1 Rg8 39. Rxe7+ Qxe7 40. Rd7 Re8 41. Rxe7+ Rxe7 42. Qxa6 f4 43. gxf4 Kg6 44. Qxb5 Kf5 45. Qxc4 Rg7+ 46. Kf2 Kg6 47. Qxe6+ Kh5 48. Qg4+ Rxg4 49. fxg4+ Kxg4 50. e6 Kf5 51. e7 1-0

[Event "Titled Tuesday intern op 16th Jan Late"]
[Site "Chess.com INT"]
[Date "2024.01.16"]
[Round "1"]
[White "Antonio, Jorge Carlos"]
[Black "Rodriguez, Santiago"]
[Result "0-1"]
[WhiteElo "2277"]
[BlackElo "2252"]
[PlyCount "92"]
[EventDate "2024.01.16"]
[EventType "swiss (blitz)"]
[EventRounds "11"]
[EventCountry "USA"]
[SourceTitle "CB04_2024"]
[SourceDate "2023.10.16"]
[SourceVersion "1"]
[SourceVersionDate "2023.10.16"]
[SourceQuality "1"]

1. d4 Nf6 2. Nf3 e6 3. Bg5 c5 4. e3 b6 5. c3 Bb7 6. Nbd2 Be7 7. Be2 0-0 8. 0-0 cxd4 9. exd4 Nd5 10. Bxe7 Qxe7 11. Re1 d6 12. Bd3 Nd7 13. c4 Nf4 14. Bf1 d5 15. g3 Ng6 16. b3 dxc4 17. Nxc4 Rfd8 18. Bg2 Rac8 19. Qe2 Nf6 20. Rad1 Nd5 21. Nce5 Nc3 22. Qd3 Nxd1 23. Nxg6 hxg6 24. Qxd1 Bd5 25. Qe2 Qb7 26. Nh4 Bxg2 27. Nxg2 Qd5 28. Rd1 e5 29. Ne3 Qe4 30. d5 Rc5 31. Qa6 Rd7 32. b4 Qxb4 33. Qe2 f5 34. h4 f4 35. Ng4 Rcxd5 36. Rxd5 Rxd5 37. Nxe5 fxg3 38. f4 Qxf4 39. Nxg6 Rd1+ 40. Kg2 Qf2+ 41. Qxf2 gxf2 42. Kxf2 Rd2+ 43. Ke3 Rxa2 44. Ne7+ Kf7 45. Nc6 a5 46. h5 a4 0-1

[Event "Titled Tuesday intern op 16th Jan Late"]
[Site "Chess.com INT"]
[Date "2024.01.16"]
[Round "2"]
[White "Grischuk, Alexander"]
[Black "Rodriguez, Santiago"]
[Result "1/2-1/2"]
[WhiteElo "2732"]
[BlackElo "2252"]
[PlyCount "169"]
[EventDate "2024.01.16"]
[EventType "swiss (blitz)"]
[EventRounds "11"]
[EventCountry "USA"]
[SourceTitle "CB04_2024"]
[SourceDate "2023.10.16"]
[SourceVersion "1"]
[SourceVersionDate "2023.10.16"]
[SourceQuality "1"]

1. d4 Nf6 2. c4 e6 3. Bg5 Bb4+ 4. Nd2 c5 5. a3 Bxd2+ 6. Qxd2 cxd4 7. Nf3 Nc6 8. Nxd4 Qb6 9. Bxf6 gxf6 10. Nb5 d5 11. cxd5 Qxb5 12. dxc6 Qxc6 13. Rc1 Qb6 14. g3 Bd7 15. Bg2 h5 16. h4 Rg8 17. Bf3 Bc6 18. Bxc6+ bxc6 19. Qd6 Rc8 20. 0-0 c5 21. Rfd1 Qxd6 22. Rxd6 Ke7 23. Ra6 Rc7 24. Rc4 Rg4 25. Raa4 f5 26. Kg2 Rb7 27. Rxg4 fxg4 28. Kf1 Rxb2 29. Rxa7+ Kf6 30. Rc7 Rb1+ 31. Kg2 Rc1 32. a4 Kg6 33. a5 Ra1 34. Rxc5 Ra2 35. Rg5+ Kh6 36. e3 f6 37. Rb5 Kg6 38. Rb6 Rxa5 39. Rxe6 Kf5 40. Rd6 Ra4 41. Rd8 Rb4 42. Rh8 Kg6 43. Rd8 Kf5 44. Re8 Ra4 45. Re7 Rb4 46. Rd7 Ra4 47. Rd2 Rb4 48. Kf1 Ke4 49. Ke2 Kf5 50. Rd5+ Kg6 51. Rd4 Rb2+ 52. Rd2 Rb4 53. f3 gxf3+ 54. Kxf3 Ra4 55. Rd4 Ra3 56. Kf4 Rb3 57. e4 Rb5 58. Rd5 Rb4 59. Rd6 Rb5 60. Re6 Kf7 61. Ra6 Kg6 62. Rd6 Ra5 63. Rd8 Rb5 64. Rg8+ Kf7 65. Ra8 Kg6 66. Ra6 Rc5 67. Ra2 Rb5 68. Ra1 Rc5 69. Rg1 Rb5 70. g4 hxg4 71. Rxg4+ Kh5 72. Rg8 Kh6 73. Rd8 Kg6 74. Rd5 Rb1 75. h5+ Kh6 76. Kf5 Rf1+ 77. Ke6 Rf4 78. Rf5 Rxe4+ 79. Kxf6 Rh4 80. Re5 Rxh5 81. Re8 Kh7 82. Re7+ Kh6 83. Re8 Kh7 84. Re7+ Kh6 85. Re8 1/2-1/2

[Event "Titled Tuesday intern op 16th Jan Late"]
[Site "Chess.com INT"]
[Date "2024.01.16"]
[Round "3"]
[White "Rodriguez, Santiago"]
[Black "Lysyj, Igor"]
[Result "0-1"]
[WhiteElo "2252"]
[BlackElo "2589"]
[PlyCount "60"]
[EventDate "2024.01.16"]
[EventType "swiss (blitz)"]
[EventRounds "11"]
[EventCountry "USA"]
[SourceTitle "CB04_2024"]
[SourceDate "2023.10.16"]
[SourceVersion "1"]
[SourceVersionDate "2023.10.16"]
[SourceQuality "1"]

1. d4 d5 2. Bf4 Nf6 3. e3 Bf5 4. c4 e6 5. Nc3 Nbd7 6. Nf3 Bb4 7. Qb3 c5 8. cxd5 Nxd5 9. Bb5 Nxf4 10. exf4 0-0 11. 0-0 Nb6 12. dxc5 Bxc5 13. Rad1 Qe7 14. Rfe1 Bg4 15. Ne4 Rad8 16. h3 Bxf3 17. Qxf3 Bd4 18. b3 Qb4 19. Bd3 g6 20. h4 Bg7 21. h5 Rd4 22. hxg6 hxg6 23. g3 Rfd8 24. Kg2 R8d5 25. Bc2 Rxd1 26. Rxd1 Rxd1 27. Qxd1 Nd5 28. Qf3 Qd4 29. Ng5 b6 30. Qg4 Qd2 0-1

[Event "Titled Tuesday intern op 19th Sep Early"]
[Site "Chess.com INT"]
[Date "2023.09.19"]
[Round "2"]
[White "Djokic, Mihailo"]
[Black "Rodriguez, Santiago"]
[Result "1-0"]
[WhiteElo "2148"]
[BlackElo "2252"]
[PlyCount "207"]
[EventDate "2023.09.19"]
[EventType "swiss (blitz)"]
[EventRounds "11"]
[EventCountry "USA"]
[SourceTitle "EXT 2024"]
[Source "ChessBase"]
[SourceDate "2023.10.10"]
[SourceVersion "1"]
[SourceVersionDate "2023.10.10"]
[SourceQuality "1"]

1. e4 c5 2. Nf3 Nc6 3. d4 cxd4 4. Nxd4 e5 5. Nb5 d6 6. N1c3 a6 7. Na3 b5 8. Nd5 Nge7 9. Be2 Nxd5 10. exd5 Nd4 11. 0-0 Be7 12. c3 Nxe2+ 13. Qxe2 0-0 14. Kh1 Bb7 15. Rd1 Bg5 16. Nc2 f5 17. a4 Bxc1 18. Raxc1 bxa4 19. Ra1 Qd7 20. Qc4 Qb5 21. Qxa4 Bxd5 22. Qxb5 axb5 23. Rxd5 Rxa1+ 24. Nxa1 Ra8 25. Rd1 Ra2 26. Rb1 Kf7 27. Kg1 Ke6 28. Kf1 b4 29. cxb4 d5 30. Ke2 d4 31. Kd3 Kd5 32. Nc2 e4+ 33. Kd2 f4 34. Na3 g5 35. Kc2 d3+ 36. Kc3 h5 37. f3 exf3 38. gxf3 g4 39. Kxd3 g3 40. hxg3 fxg3 41. Nc4 h4 42. Rh1 g2 43. Ne3+ Ke5 44. Nxg2 Rxb2 45. Nxh4 Rxb4 46. Ke3 Rb3+ 47. Kf2 Kf4 48. Ng2+ Kf5 49. Kg3 Rb2 50. Rh5+ Kg6 51. Rc5 Rb4 52. f4 Kh6 53. Kg4 Rb1 54. Rc6+ Kh7 55. Nh4 Rg1+ 56. Kf5 Rh1 57. Nf3 Ra1 58. Ng5+ Kh8 59. Rc7 Ra4 60. Kg6 Ra6+ 61. Kh5 Rf6 62. Nf7+ Kg7 63. Nh6+ Kh8 64. Rc8+ Kh7 65. f5 Rxf5+ 66. Kg4 Ra5 67. Nf5 Kg6 68. Rc6+ Kh7 69. Kg5 Ra1 70. Rc7+ Kg8 71. Kg6 Ra6+ 72. Kg5 Ra1 73. Nh6+ Kf8 74. Ng4 Ra5+ 75. Kg6 Ra6+ 76. Nf6 Ra7 77. Rc8+ Ke7 78. Re8+ Kd6 79. Re2 Ra1 80. Rd2+ Ke5 81. Re2+ Kd6 82. Ne4+ Ke5 83. Ng5+ Kf4 84. Re4+ Kg3 85. Rb4 Ra6+ 86. Kh5 Ra5 87. Rg4+ Kf2 88. Rh4 Rb5 89. Rh3 Ke2 90. Ra3 Rc5 91. Kg4 Rc4+ 92. Kg3 Rc8 93. Nf3 Rg8+ 94. Kf4 Rf8+ 95. Ke4 Re8+ 96. Ne5 Kd2 97. Rh3 Ke2 98. Rh2+ Kf1 99. Kf3 Kg1 100. Rg2+ Kh1 101. Rg5 Rf8+ 102. Kg3 Rf3+ 103. Kxf3 Kh2 104. Nd3 1-0

[Event "Titled Tuesday intern op 19th Sep Early"]
[Site "Chess.com INT"]
[Date "2023.09.19"]
[Round "1"]
[White "Dong, Bao Nghia"]
[Black "Rodriguez, Santiago"]
[Result "0-1"]
[WhiteElo "2324"]
[BlackElo "2252"]
[PlyCount "110"]
[EventDate "2023.09.19"]
[EventType "swiss (blitz)"]
[EventRounds "11"]
[EventCountry "USA"]
[SourceTitle "EXT 2024"]
[Source "ChessBase"]
[SourceDate "2023.10.10"]
[SourceVersion "1"]
[SourceVersionDate "2023.10.10"]
[SourceQuality "1"]

1. d4 Nf6 2. c4 e6 3. Nc3 Bb4 4. Qb3 c5 5. e3 Nc6 6. Bd3 0-0 7. Nge2 d5 8. cxd5 exd5 9. dxc5 Be6 10. Nd4 Bxc5 11. Nxe6 fxe6 12. 0-0 Ne5 13. Ne2 Nxd3 14. Qxd3 Bd6 15. h3 Rc8 16. b3 Ne4 17. Bb2 Qh4 18. f4 Rc7 19. Nd4 Re7 20. Nf3 Qg3 21. Be5 Bxe5 22. Nxe5 Rc7 23. Rf3 Qh4 24. Raf1 Rfc8 25. f5 Ng3 26. Rf4 Qf6 27. Ng4 Qc3 28. Qxc3 Rxc3 29. fxe6 Nxf1 30. Kxf1 Re8 31. Rd4 Rxe6 32. Rxd5 Rc1+ 33. Ke2 Rc2+ 34. Kf3 Rxa2 35. Ne5 h6 36. g4 Kh7 37. Ke4 Rb2 38. Kf5 Rf6+ 39. Ke4 Rxb3 40. Nd7 Re6+ 41. Ne5 b5 42. h4 a5 43. g5 hxg5 44. hxg5 Rxe5+ 45. Rxe5 a4 46. Kf5 Rb1 47. Re8 Rf1+ 48. Kg4 a3 49. Ra8 b4 50. Kh5 Rh1+ 51. Kg4 Kg6 52. Ra6+ Kf7 53. g6+ Ke7 54. Kf5 Rh5+ 55. Ke4 Rb5 0-1

[Event "Titled Tuesday intern op 15th Aug Early"]
[Site "Chess.com INT"]
[Date "2023.08.15"]
[Round "2"]
[White "Rodriguez, Santiago"]
[Black "Smietanska, Wiktoria"]
[Result "1/2-1/2"]
[WhiteElo "2252"]
[BlackElo "2017"]
[PlyCount "124"]
[EventDate "2023.08.15"]
[EventType "swiss (blitz)"]
[EventRounds "11"]
[EventCountry "USA"]
[SourceTitle "EXT 2024"]
[Source "ChessBase"]
[SourceDate "2023.10.10"]
[SourceVersion "1"]
[SourceVersionDate "2023.10.10"]
[SourceQuality "1"]

1. d4 Nf6 2. Bg5 d5 3. Bxf6 gxf6 4. e3 c5 5. c4 cxd4 6. Qxd4 Qa5+ 7. Nc3 dxc4 8. Bxc4 Nc6 9. Qh4 Ne5 10. Bb5+ Bd7 11. Bxd7+ Nxd7 12. Nge2 Ne5 13. 0-0 Bg7 14. Rfd1 0-0 15. Nf4 Ng6 16. Qh5 Qxh5 17. Nxh5 Bh6 18. Nd5 Rfd8 19. Rac1 Rac8 20. Rxc8 Rxc8 21. f4 Bf8 22. Rd2 f5 23. Kf2 e6 24. Ndf6+ Kh8 25. Kf3 Be7 26. g3 Nf8 27. h3 Rd8 28. Rxd8 Bxd8 29. g4 fxg4+ 30. hxg4 Ng6 31. Ke4 Bxf6 32. Nxf6 Kg7 33. Ne8+ Kf8 34. Nd6 b6 35. Nc8 Ne7 36. Nxa7 f5+ 37. Kf3 fxg4+ 38. Kxg4 Kg7 39. e4 Kg6 40. Nb5 h5+ 41. Kh4 Kh6 42. Nd4 Ng6+ 43. Kg3 e5 44. Nf5+ Kh7 45. fxe5 Nxe5 46. a4 Kg6 47. b4 Nd3 48. a5 bxa5 49. bxa5 Nc5 50. Nd6 Kg5 51. e5 h4+ 52. Kh3 Kf4 53. e6 Nxe6 54. a6 Nc7 55. a7 Ke5 56. Nb5 Na8 57. Kxh4 Kd5 58. Kg5 Kc6 59. Nd4+ Kb7 60. Nc6 Kxc6 61. Kf5 Kb7 62. Ke6 Kxa7 1/2-1/2

[Event "Titled Tuesday intern op 01st Aug Late"]
[Site "Chess.com INT"]
[Date "2023.08.01"]
[Round "6"]
[White "Cardozo Munar, Carlos Eduardo"]
[Black "Rodriguez, Santiago"]
[Result "1-0"]
[WhiteElo "2043"]
[BlackElo "2252"]
[PlyCount "143"]
[EventDate "2023.08.01"]
[EventType "swiss (blitz)"]
[EventRounds "11"]
[EventCountry "USA"]
[SourceTitle "EXT 2024"]
[Source "ChessBase"]
[SourceDate "2023.10.10"]
[SourceVersion "1"]
[SourceVersionDate "2023.10.10"]
[SourceQuality "1"]

1. d4 g6 2. Bg5 Bg7 3. Nf3 c5 4. c3 Qb6 5. Qb3 Nc6 6. Qxb6 axb6 7. e3 d5 8. Nbd2 c4 9. e4 dxe4 10. Nxe4 b5 11. a3 Bg4 12. Be2 Nf6 13. Nxf6+ exf6 14. Be3 0-0 15. h3 Be6 16. 0-0-0 Bd5 17. Rhg1 Rfe8 18. Nh2 Na5 19. Bf3 Nb3+ 20. Kc2 Bc6 21. Rge1 f5 22. Bf4 Re4 23. Bxe4 Bxe4+ 24. Rxe4 fxe4 25. Re1 f5 26. Nf1 Kf7 27. Ne3 Ke6 28. g4 fxg4 29. hxg4 Rf8 30. Bg3 Bh6 31. a4 Bxe3 32. Rxe3 Kd5 33. axb5 h5 34. gxh5 gxh5 35. Re1 Rf5 36. Rg1 Rf3 37. Rh1 Rf5 38. Rh4 Na1+ 39. Kb1 Nb3 40. Ka2 Nd2 41. Ka3 Nf3 42. Rh1 h4 43. Bc7 Rf7 44. b6 Rh7 45. Kb4 h3 46. Kb5 h2 47. Kb4 Rh3 48. Kb5 Rh6 49. Kb4 e3 50. fxe3 Ke4 51. Bxh2 Nxh2 52. Kxc4 Kxe3 53. Re1+ Kd2 54. Re7 Rxb6 55. d5 Ng4 56. b4 Rd6 57. Kc5 Rd8 58. c4 Kc3 59. Rxb7 Ne3 60. d6 Nxc4 61. b5 Ne5 62. Re7 Nc4 63. Re6 Na3 64. b6 Nc4 65. b7 Na5 66. Kb6 Nc4+ 67. Kc7 Rg8 68. b8Q Rxb8 69. Kxb8 Kb4 70. d7 Kc5 71. d8Q Nb6 72. Qxb6+ 1-0

[Event "Titled Tuesday intern op 01st Aug Late"]
[Site "Chess.com INT"]
[Date "2023.08.01"]
[Round "1"]
[White "Hambleton, Aman"]
[Black "Rodriguez, Santiago"]
[Result "1-0"]
[WhiteElo "2420"]
[BlackElo "2252"]
[PlyCount "89"]
[EventDate "2023.08.01"]
[EventType "swiss (blitz)"]
[EventRounds "11"]
[EventCountry "USA"]
[SourceTitle "EXT 2024"]
[Source "ChessBase"]
[SourceDate "2023.10.10"]
[SourceVersion "1"]
[SourceVersionDate "2023.10.10"]
[SourceQuality "1"]

1. d4 Nf6 2. Bf4 e6 3. e3 c5 4. c3 d5 5. Nd2 Bd6 6. Ngf3 Bxf4 7. exf4 Qc7 8. g3 cxd4 9. Nxd4 Nc6 10. N2f3 0-0 11. Bd3 Nxd4 12. Nxd4 e5 13. fxe5 Qxe5+ 14. Qe2 Qc7 15. 0-0 Bg4 16. f3 Rfe8 17. Qf2 Bh3 18. Rfe1 h5 19. Rxe8+ Rxe8 20. Re1 Rxe1+ 21. Qxe1 g6 22. Qe3 a6 23. Kf2 h4 24. Ne2 hxg3+ 25. hxg3 Kg7 26. Qd4 Qd6 27. Nf4 Bc8 28. Bc4 Be6 29. Bb3 b5 30. g4 Bxg4 31. fxg4 Kf8 32. Kf3 g5 33. Nxd5 Nxd5 34. Bxd5 Qh2 35. Qc5+ Kg7 36. Qd4+ Kf8 37. Ke3 Qg1+ 38. Kd3 Qd1+ 39. Ke3 Qg1+ 40. Kd2 Qh2+ 41. Kc1 Qd6 42. a3 Ke7 43. Kb1 f6 44. Ka2 a5 45. Qe4+ 1-0

[Event "Titled Tuesday intern op 04th Jul Late"]
[Site "Chess.com INT"]
[Date "2023.07.04"]
[Round "10"]
[White "Erenberg, Ariel"]
[Black "Rodriguez, Santiago"]
[Result "1-0"]
[WhiteElo "2496"]
[BlackElo "2252"]
[PlyCount "67"]
[EventDate "2023.07.04"]
[EventType "swiss (blitz)"]
[EventRounds "11"]
[EventCountry "USA"]
[SourceTitle "EXT 2024"]
[Source "ChessBase"]
[SourceDate "2023.10.10"]
[SourceVersion "1"]
[SourceVersionDate "2023.10.10"]
[SourceQuality "1"]

1. b3 Nf6 2. Bb2 g6 3. Nf3 Bg7 4. g3 0-0 5. Bg2 c6 6. 0-0 d5 7. c4 Bg4 8. d3 Nbd7 9. Nbd2 Re8 10. h3 Bxf3 11. Nxf3 e5 12. Rc1 e4 13. Nd4 Ne5 14. cxd5 cxd5 15. Qd2 Qb6 16. Rc2 h5 17. Rfc1 h4 18. g4 Qd6 19. Nb5 Qb6 20. Nc7 Nexg4 21. hxg4 Nxg4 22. e3 Qd6 23. Nxe8 Qh2+ 24. Kf1 h3 25. Bxe4 dxe4 26. dxe4 Qg2+ 27. Ke2 Qxf2+ 28. Kd3 Rd8+ 29. Bd4 Bxd4 30. Qxf2 Bxe3+ 31. Ke2 Bxf2 32. Kf3 Rxe8 33. Kxg4 Be3 34. Re1 1-0

[Event "Titled Tuesday intern op 04th Jul Late"]
[Site "Chess.com INT"]
[Date "2023.07.04"]
[Round "6"]
[White "Garcia Correa, Jose Ricardo"]
[Black "Rodriguez, Santiago"]
[Result "0-1"]
[WhiteElo "2103"]
[BlackElo "2252"]
[PlyCount "68"]
[EventDate "2023.07.04"]
[EventType "swiss (blitz)"]
[EventRounds "11"]
[EventCountry "USA"]
[SourceTitle "EXT 2024"]
[Source "ChessBase"]
[SourceDate "2023.10.10"]
[SourceVersion "1"]
[SourceVersionDate "2023.10.10"]
[SourceQuality "1"]

1. e4 c5 2. Nf3 Nc6 3. d4 cxd4 4. Nxd4 e5 5. Nxc6 bxc6 6. Bd3 Nf6 7. 0-0 Bc5 8. Qf3 d6 9. Bg5 Be6 10. c4 Rb8 11. Qe2 h6 12. Be3 Bxe3 13. fxe3 Qb6 14. b3 a5 15. Nc3 Qc5 16. h3 Qb4 17. Rac1 Qa3 18. Bb1 h5 19. Rcd1 Rh6 20. Qd2 Ke7 21. Na4 Qb4 22. Qd3 Rd8 23. Kh2 Rg6 24. Rf2 Qb8 25. Rfd2 Rd7 26. c5 d5 27. exd5 e4+ 28. d6+ Kf8 29. Qc3 Nd5 30. Qe5 Nxe3 31. Re1 Qb4 32. Rde2 Nxg2 33. Bxe4 Nxe1 34. Bxg6 Nf3+ 0-1

[Event "Titled Tuesday intern op 04th Jul Late"]
[Site "Chess.com INT"]
[Date "2023.07.04"]
[Round "9"]
[White "Rodriguez, Santiago"]
[Black "Ardila, Oscar Humberto"]
[Result "1-0"]
[WhiteElo "2252"]
[BlackElo "1958"]
[PlyCount "50"]
[EventDate "2023.07.04"]
[EventType "swiss (blitz)"]
[EventRounds "11"]
[EventCountry "USA"]
[SourceTitle "EXT 2024"]
[Source "ChessBase"]
[SourceDate "2023.10.10"]
[SourceVersion "1"]
[SourceVersionDate "2023.10.10"]
[SourceQuality "1"]

1. d4 Nf6 2. Bg5 e6 3. e4 Be7 4. e5 Nd5 5. Bd2 c5 6. c4 Nb6 7. dxc5 Bxc5 8. Qg4 g6 9. Nc3 h5 10. Qf4 Nc6 11. Nf3 Qe7 12. 0-0-0 Bb4 13. Ne4 Bxd2+ 14. Rxd2 Nb4 15. Nd6+ Kf8 16. Ng5 Kg7 17. Ngxf7 N6d5 18. cxd5 Nxd5 19. Rxd5 exd5 20. Qf6+ Qxf6 21. exf6+ Kg8 22. Nxh8 Kxh8 23. Bd3 b6 24. Re1 a5 25. Re8+ Kh7 1-0

[Event "Titled Tuesday intern op 04th Jul Late"]
[Site "Chess.com INT"]
[Date "2023.07.04"]
[Round "2"]
[White "Rodriguez, Santiago"]
[Black "Eggleston, Thomas"]
[Result "1-0"]
[WhiteElo "2252"]
[BlackElo "2215"]
[PlyCount "73"]
[EventDate "2023.07.04"]
[EventType "swiss (blitz)"]
[EventRounds "11"]
[EventCountry "USA"]
[SourceTitle "EXT 2024"]
[Source "ChessBase"]
[SourceDate "2023.10.10"]
[SourceVersion "1"]
[SourceVersionDate "2023.10.10"]
[SourceQuality "1"]

1. d4 e6 2. Nf3 f5 3. Bf4 Nf6 4. e3 Be7 5. c4 b6 6. Nc3 Bb7 7. Bd3 Ne4 8. Qc2 Nxc3 9. Qxc3 0-0 10. 0-0-0 Bf6 11. h4 c5 12. Bd6 Re8 13. Ne5 Nc6 14. dxc5 Rc8 15. Nxc6 Rxc6 16. Be5 Bxe5 17. Qxe5 Rxc5 18. Qd4 Qc7 19. Rhg1 b5 20. g4 bxc4 21. Bc2 Rd5 22. Qc3 Rxd1+ 23. Bxd1 f4 24. Bc2 fxe3 25. Qxe3 e5 26. h5 d5 27. h6 g6 28. Qg5 Qf7 29. Re1 e4 30. f4 d4 31. f5 d3 32. Ba4 Rc8 33. Kd2 c3+ 34. Ke3 d2 35. Rf1 c2 36. fxg6 Qxg6 37. Bb3+ 1-0

[Event "Titled Tuesday intern op 04th Jul Late"]
[Site "Chess.com INT"]
[Date "2023.07.04"]
[Round "11"]
[White "Rodriguez, Santiago"]
[Black "Vdovin, Vadim"]
[Result "0-1"]
[WhiteElo "2252"]
[BlackElo "2302"]
[PlyCount "52"]
[EventDate "2023.07.04"]
[EventType "swiss (blitz)"]
[EventRounds "11"]
[EventCountry "USA"]
[SourceTitle "EXT 2024"]
[Source "ChessBase"]
[SourceDate "2023.10.10"]
[SourceVersion "1"]
[SourceVersionDate "2023.10.10"]
[SourceQuality "1"]

1. d4 Nf6 2. Bg5 c5 3. d5 Ne4 4. Bc1 e6 5. c4 Be7 6. f3 Qa5+ 7. Nd2 Bh4+ 8. g3 Nxg3 9. Kf2 Nxh1+ 10. Kg2 Nf2 11. Qe1 g5 12. b4 Qc7 13. Bb2 Ng4 14. fxg4 Bxe1 15. Ne4 f5 16. gxf5 0-0 17. Rxe1 Qf4 18. Ng3 Qxc4 19. dxe6 Qxb4 20. Rb1 dxe6 21. Nf3 Nc6 22. Nxg5 Rxf5 23. Nxf5 exf5 24. Nf3 Be6 25. a3 Qb3 26. e3 Qc2+ 0-1

[Event "Titled Tuesday intern op 04th Jul Late"]
[Site "Chess.com INT"]
[Date "2023.07.04"]
[Round "8"]
[White "Rodriguez, Santiago"]
[Black "Weetik, Vjacheslav"]
[Result "0-1"]
[WhiteElo "2252"]
[BlackElo "2423"]
[PlyCount "50"]
[EventDate "2023.07.04"]
[EventType "swiss (blitz)"]
[EventRounds "11"]
[EventCountry "USA"]
[SourceTitle "EXT 2024"]
[Source "ChessBase"]
[SourceDate "2023.10.10"]
[SourceVersion "1"]
[SourceVersionDate "2023.10.10"]
[SourceQuality "1"]

1. d4 Nf6 2. Bg5 d5 3. Bxf6 gxf6 4. e3 c5 5. c4 e5 6. cxd5 cxd4 7. exd4 Qxd5 8. Nc3 Qxd4 9. Bb5+ Nc6 10. Qf3 Bd7 11. Rd1 Qf4 12. Qd5 0-0-0 13. Qxf7 Bb4 14. Nge2 Qg5 15. 0-0 Rhg8 16. g3 f5 17. Nd5 Rg7 18. Qxg7 Qxg7 19. Bxc6 Bxc6 20. Nxb4 Rxd1 21. Rxd1 Bf3 22. Rc1+ Kb8 23. Nc3 Qh6 24. Nd3 Qd2 25. Ne1 Qxc1 0-1

[Event "Titled Tuesday intern op 04th Jul Late"]
[Site "Chess.com INT"]
[Date "2023.07.04"]
[Round "3"]
[White "Silva, Pedro Gil Ferreira"]
[Black "Rodriguez, Santiago"]
[Result "1-0"]
[WhiteElo "2217"]
[BlackElo "2252"]
[PlyCount "69"]
[EventDate "2023.07.04"]
[EventType "swiss (blitz)"]
[EventRounds "11"]
[EventCountry "USA"]
[SourceTitle "EXT 2024"]
[Source "ChessBase"]
[SourceDate "2023.10.10"]
[SourceVersion "1"]
[SourceVersionDate "2023.10.10"]
[SourceQuality "1"]

1. e4 c5 2. Nf3 Nc6 3. Bb5 g6 4. 0-0 Bg7 5. c3 Nf6 6. d4 d5 7. exd5 Qxd5 8. c4 Qh5 9. d5 a6 10. Ba4 b5 11. cxb5 Nb4 12. bxa6+ Nd7 13. a3 Nxa6 14. d6 e6 15. Nc3 0-0 16. Be3 Rb8 17. Qd2 Rd8 18. Rfd1 Bb7 19. Qe2 Bxf3 20. Qxf3 Qxf3 21. gxf3 Rxb2 22. Ne4 c4 23. Rac1 Ne5 24. f4 Nf3+ 25. Kg2 Nh4+ 26. Kh3 Nf5 27. Rxc4 Nxe3 28. fxe3 Re2 29. Rd3 Nb8 30. d7 Nxd7 31. Bxd7 Kf8 32. Rc8 Rxc8 33. Bxc8 h5 34. Ng3 Ke7 35. Nxe2 1-0